000
00322pam a2200133a 44500
008
230405s2019 xxu||||| |||| 00| 0 eng d
041
_a
ENG
100
_a
DR. V.M SHINDE /MRS. K S BODAS
245
_a
HERBAL DRUG TECHNOLOGY
250
_a
1
260
_a
PUNE
_b
NIRALI PRAKASHAN
_c
2019
300
_a
10.41
906
_a
2532
999
_c
267971
_d
267971